000 00605nam a2200241Ia 4500
003 OSt
005 20220924142101.0
006 a|||||r|||| 00| 0
007 ta
008 220923b |||||||| |||| 00| 0 ben d
020 _c15
024 _a300324
037 _cTextual
040 _aARTS
_cARTS
_bben
041 _2ben
_aben
082 _aO157,6N43x, N0
100 _aMajumdar Sisir
_9212879
245 0 _aPancha shasya o ekti vyatikram
260 _c1990
650 _aBENGALI LITERATURE
942 _hO157,6N43x, N0
_cTEXL
_2CC
999 _c449213
_d449213